000 00630nam a2200229Ia 4500
005 20260429112020.0
008 260429s9999||||xx |||||||||||||| ||und||
020 _a9780367558178
041 _aEnglish
082 _a363.2
_bTUR
100 _aTurner, Jo
245 0 _aPolicing women :
_bhistories in the western world, 1800 to 1950 /
_cJo Turner
250 _a1st ed.
260 _aNew Delhi :
_bRoutledge,
_c2024.
300 _axvii, 270 p.; pbk
650 _a Gender studies
650 _a Social history
650 _aWomen and policing
700 _a Johnston, Helen
700 _a Pluskota, Marion
942 _cTB
999 _c51899
_d51899